000 00518nam a22001697a 4500
008 160707b xxu||||| |||| 00| 0 eng d
020 _a0-07-291884-5
082 _22004
_aDC 512.9
_bD87i
100 _910895
_aDugopolski, Mark
245 _aIntermediate algebra/
_cMark Dugopolski.
250 _a4th Edition
260 _aBoston:
_bMcGraw-Hill Higher Education,
_cc2004.
300 _axxvi, 708 pages:
_bcolor illustrations;
_c26 cm.
500 _aIncludes index.
650 0 _910896
_aAlgebra
942 _2ddc
_cDC
999 _c3264
_d3264